000 00545nam a2200193Ia 4500
005 20260120131445.0
008 008 260114s9999 xx 000 0 eng d
020 _a9780191868504
037 _aEBOOK
040 _aCRL
_beng
_cCRL
041 _aeng
_2eng
084 _qCRL
100 _aSolymar, Walsh, Syms
_9927231
245 0 _aElectrical Properties of Materials
260 _bOxford University PressOxford University Press
_c2018
856 _uhttps://academic.oup.com/book/27195
942 _cEBOOK
999 _c1519147
_d1519147